| 000 | 00341nam a2200133Ia 4500 | ||
|---|---|---|---|
| 008 | 231129s1968||||xx |||||||||||||| ||spa|| | ||
| 040 | _bspa | ||
| 082 | _a863 M379c | ||
| 100 | _aMartín Vigil José Luis | ||
| 245 | 0 | _aLos curas comunistas | |
| 260 | _c1968 | ||
| 264 | _aBarcelona España : Círculo de Lectores | ||
| 942 |
_2ddc _cBKS |
||
| 999 |
_c19596 _d19596 |
||